000 00711nas a2200241 4500
001 BR8001772
003 BR-BrBNA
005 20231205084245.0
007 ta
008 230509b bl.|||p| |||| 00| 00por d
040 _aBR-BrBNA
_bpor
_cBiblioteca Nacional de Agricultura
041 _a(Pt)
072 _aL00
100 1 _aBrant, P.C.
245 1 _aClassificacao de carcacas bovinas
650 _aProducao animal
650 _aCarne
650 _aBovino
650 _aCarcaca
773 0 _tInforme Agropecuario - Empresa de Pesquisa Agropecuaria de Minas Gerais (Brazil)
_xISSN 0100-3364
_g(Sep 1980), v. 6(69) p. 40-41
_wBR8001772
909 _a202311
_bLúcia
_c55
_dLúcia Elande
942 _2AGRIS
_n0
_cANA
999 _c104085
_d104085